[Event "AsianNationCup2018-OpenRapid"]
[Site "?"]
[Date "2018.07.27"]
[Round "2.8"]
[White "Nguyen, Duc Hoa"]
[Black "Abdisalimov, Abdimalik"]
[Result "1/2-1/2"]
[BlackElo "2135"]
[WhiteElo "2490"]
[LiveChessVersion "1.4.8"]

1. d4 {[%clk 0:15:16]} Nf6 {[%clk 0:15:19]} 2. c4 {[%clk 0:15:24]} e6
{[%clk 0:15:29]} 3. g3 {[%clk 0:15:32]} c5 {[%clk 0:15:38]} 4. d5 exd5
{[%clk 0:15:47]} 5. cxd5 {[%clk 0:15:48]} d6 {[%clk 0:15:56]} 6. Nc3
{[%clk 0:15:56]} g6 {[%clk 0:16:05]} 7. Bg2 {[%clk 0:15:59]} Bg7 {[%clk 0:16:15]}
8. Nf3 {[%clk 0:16:04]} O-O {[%clk 0:16:23]} 9. O-O {[%clk 0:16:07]} Re8
{[%clk 0:16:32]} 10. Nd2 {[%clk 0:16:03]} Nbd7 {[%clk 0:16:31]} 11. h3
{[%clk 0:16:08]} a6 {[%clk 0:16:31]} 12. a4 {[%clk 0:16:16]} Rb8 {[%clk 0:16:38]}
13. Nc4 {[%clk 0:16:19]} Ne5 {[%clk 0:16:10]} 14. Na3 {[%clk 0:16:27]} Nh5
{[%clk 0:15:49]} 15. e4 {[%clk 0:15:54]} Qc7 {[%clk 0:13:02]} 16. g4
{[%clk 0:13:39]} Nf6 {[%clk 0:13:11]} 17. f4 {[%clk 0:13:48]} Ned7
{[%clk 0:12:56]} 18. Qd3 {[%clk 0:10:38]} Nf8 {[%clk 0:11:12]} 19. Kh1
{[%clk 0:07:30]} Bd7 {[%clk 0:10:57]} 20. e5 {[%clk 0:07:35]} dxe5
{[%clk 0:10:40]} 21. fxe5 {[%clk 0:07:28]} Qxe5 {[%clk 0:10:44]} 22. Bf4
{[%clk 0:07:12]} Qd4 {[%clk 0:10:52]} 23. Qf3 {[%clk 0:05:24]} h6
{[%clk 0:06:56]} 24. Nc2 {[%clk 0:04:58]} Qc4 {[%clk 0:06:59]} 25. Bxh6
{[%clk 0:03:48]} Bxh6 {[%clk 0:05:59]} 26. Qxf6 {[%clk 0:03:57]} Bg7
{[%clk 0:04:20]} 27. Qxf7+ {[%clk 0:04:04]} Kh8 {[%clk 0:04:29]} 28. Rae1
{[%clk 0:03:45]} Qd3 {[%clk 0:04:16]} 29. Ne4 {[%clk 0:02:00]} Rxe4
{[%clk 0:02:47]} 30. Rxe4 {[%clk 0:02:04]} Qxc2 {[%clk 0:02:55]} 31. Re7
{[%clk 0:00:38]} Qxb2 {[%clk 0:03:05]} 32. Rxd7 {[%clk 0:00:23]} Nxd7
{[%clk 0:03:13]} 33. Qxd7 {[%clk 0:00:32]} Qe5 {[%clk 0:03:03]} 34. d6
{[%clk 0:00:26]} Rf8 {[%clk 0:03:07]} 35. Rb1 {[%clk 0:00:20]} Qg3
{[%clk 0:02:43]} 36. Qe7 {[%clk 0:00:14]} Rf2 {[%clk 0:02:44]} 37. Rg1
{[%clk 0:00:12]} Be5 {[%clk 0:02:45]} 38. Qe8+ {[%clk 0:00:11]} Kg7
{[%clk 0:02:27]} 39. Qe7+ {[%clk 0:00:15]} Kh8 {[%clk 0:01:06]} 40. Qe8+
{[%clk 0:00:17]} Kh7 {[%clk 0:01:14]} 41. Qe7+ {[%clk 0:00:23]} Kh6
{[%clk 0:00:35]} 42. g5+ {[%clk 0:00:30]} Kh5 {[%clk 0:00:45]} 43. Qh7+
{[%clk 0:00:35]} Kxg5 {[%clk 0:00:53]} 44. h4+ {[%clk 0:00:23]} Qxh4+
{[%clk 0:01:02]} 45. Qxh4+ {[%clk 0:00:11]} Kxh4 {[%clk 0:01:11]} 46. Rd1
{[%clk 0:00:18]} Bd4 {[%clk 0:00:52]} 47. d7 {[%clk 0:00:16]} Rf8
{[%clk 0:00:58]} 48. Bxb7 {[%clk 0:00:22]} Kg3 {[%clk 0:00:55]} 49. Rd3+
{[%clk 0:00:27]} Kf2 {[%clk 0:01:04]} 1/2-1/2

[Event "AsianNationCup2018-OpenRapid"]
[Site "?"]
[Date "2018.07.27"]
[Round "2.9"]
[White "Gholami Orimi, Mahdi"]
[Black "Ghaem Maghami, Ehsan"]
[Result "0-1"]
[BlackElo "2524"]
[WhiteElo "2092"]
[LiveChessVersion "1.4.8"]

1. d4 {[%clk 0:15:18]} e6 {[%clk 0:15:16]} 2. c4 {[%clk 0:15:19]} Bb4+
{[%clk 0:15:23]} 3. Nc3 {[%clk 0:15:12]} Ne7 {[%clk 0:15:22]} 4. Qc2
{[%clk 0:14:54]} b6 {[%clk 0:14:36]} 5. e4 {[%clk 0:14:33]} d5 {[%clk 0:13:23]}
6. cxd5 {[%clk 0:13:03]} exd5 {[%clk 0:13:30]} 7. Qa4+ {[%clk 0:12:15]} Nbc6
{[%clk 0:13:24]} 8. Bb5 {[%clk 0:12:19]} Bd7 {[%clk 0:10:14]} 9. Nge2
{[%clk 0:07:26]} a6 {[%clk 0:09:33]} 10. Bxc6 {[%clk 0:06:30]} Bxc3+
{[%clk 0:09:31]} 11. bxc3 {[%clk 0:06:05]} Bxc6 {[%clk 0:09:37]} 12. Qc2
{[%clk 0:06:04]} dxe4 {[%clk 0:09:43]} 13. c4 {[%clk 0:06:08]} Bb7
{[%clk 0:08:45]} 14. O-O {[%clk 0:04:38]} O-O {[%clk 0:07:12]} 15. Rd1
{[%clk 0:04:19]} Nf5 {[%clk 0:05:59]} 16. Rb1 {[%clk 0:02:49]} Re8
{[%clk 0:05:56]} 17. d5 {[%clk 0:02:45]} Bc8 {[%clk 0:05:40]} 18. Qc3
{[%clk 0:01:13]} Bd7 {[%clk 0:04:03]} 19. Bf4 {[%clk 0:01:14]} Rc8
{[%clk 0:03:37]} 20. Nd4 {[%clk 0:00:20]} Qf6 {[%clk 0:03:43]} 21. Bg3
{[%clk 0:00:13]} e3 {[%clk 0:02:50]} 22. Qd3 {[%clk 0:00:13]} Nxd4
{[%clk 0:02:53]} 23. Qxd4 {[%clk 0:00:22]} e2 {[%clk 0:03:02]} 0-1

[Event "AsianNationCup2018-OpenRapid"]
[Site "?"]
[Date "2018.07.27"]
[Round "2.10"]
[White "Darini, Pouria"]
[Black "Javanbakht, Nima"]
[Result "0-1"]
[BlackElo "2349"]
[WhiteElo "2568"]
[LiveChessVersion "1.4.8"]

1. d4 {[%clk 0:15:18]} Nf6 {[%clk 0:15:10]} 2. Bf4 {[%clk 0:15:24]} d5
{[%clk 0:14:39]} 3. e3 {[%clk 0:15:32]} c5 {[%clk 0:14:42]} 4. c3
{[%clk 0:15:39]} Nc6 {[%clk 0:14:49]} 5. Nd2 {[%clk 0:15:47]} cxd4
{[%clk 0:12:48]} 6. exd4 {[%clk 0:15:54]} Bf5 {[%clk 0:12:50]} 7. Qb3
{[%clk 0:15:55]} Qc8 {[%clk 0:12:32]} 8. Ngf3 {[%clk 0:16:00]} e6
{[%clk 0:12:14]} 9. Nh4 {[%clk 0:16:07]} Be4 {[%clk 0:11:41]} 10. Nxe4
{[%clk 0:16:08]} dxe4 {[%clk 0:11:25]} 11. g3 {[%clk 0:16:16]} Be7
{[%clk 0:11:17]} 12. Ng2 {[%clk 0:16:09]} O-O {[%clk 0:11:01]} 13. Be2
{[%clk 0:16:06]} Nd5 {[%clk 0:10:36]} 14. Bd2 {[%clk 0:14:26]} Rd8
{[%clk 0:09:02]} 15. Ne3 {[%clk 0:11:56]} Bg5 {[%clk 0:08:16]} 16. O-O
{[%clk 0:09:47]} Nf6 {[%clk 0:06:37]} 17. f4 {[%clk 0:07:26]} exf3
{[%clk 0:06:45]} 18. Bxf3 {[%clk 0:07:35]} e5 {[%clk 0:06:53]} 19. Bxc6
{[%clk 0:06:33]} Bxe3+ {[%clk 0:03:48]} 20. Bxe3 {[%clk 0:06:41]} Qxc6
{[%clk 0:03:57]} 21. dxe5 {[%clk 0:06:50]} Nd5 {[%clk 0:03:53]} 22. Bd4
{[%clk 0:06:59]} Rd7 {[%clk 0:03:37]} 23. Rf5 {[%clk 0:06:17]} Nc7
{[%clk 0:03:32]} 24. Raf1 {[%clk 0:05:34]} Ne6 {[%clk 0:03:40]} 25. h4
{[%clk 0:03:12]} b5 {[%clk 0:03:36]} 26. R1f2 {[%clk 0:02:21]} a5
{[%clk 0:03:33]} 27. Kh2 {[%clk 0:01:50]} Rad8 {[%clk 0:03:28]} 28. a3
{[%clk 0:01:46]} a4 {[%clk 0:02:51]} 29. Qa2 {[%clk 0:01:14]} h6 {[%clk 0:02:49]}
30. Qb1 {[%clk 0:00:59]} Qc4 {[%clk 0:02:10]} 31. Qf1 {[%clk 0:00:33]} Qd5
{[%clk 0:00:38]} 32. Bb6 {[%clk 0:00:24]} Rb8 {[%clk 0:00:44]} 33. Be3
{[%clk 0:00:31]} Rbb7 {[%clk 0:00:52]} 34. Qg2 {[%clk 0:00:18]} Qd3
{[%clk 0:00:46]} 35. Qf3 {[%clk 0:00:25]} Qc4 {[%clk 0:00:23]} 36. g4
{[%clk 0:00:35]} Nf8 {[%clk 0:00:20]} 37. Bd4 {[%clk 0:00:34]} Ne6
{[%clk 0:00:27]} 38. Be3 {[%clk 0:00:40]} Nf8 {[%clk 0:00:36]} 39. Rf4
{[%clk 0:00:36]} Qe6 {[%clk 0:00:43]} 40. Rf5 {[%clk 0:00:26]} Ng6
{[%clk 0:00:52]} 41. Qg3 Rd5 {[%clk 0:00:41]} 42. Bd4 {[%clk 0:00:18]} Re7
{[%clk 0:00:50]} 43. Re2 {[%clk 0:00:11]} f6 {[%clk 0:00:41]} 44. exf6
{[%clk 0:00:11]} Qxe2+ {[%clk 0:00:49]} 45. Rf2 {[%clk 0:00:21]} gxf6
{[%clk 0:00:19]} 46. Rxe2 {[%clk 0:00:29]} Rxe2+ {[%clk 0:00:28]} 47. Kg1
{[%clk 0:00:39]} Ne5 {[%clk 0:00:23]} 48. Qf4 {[%clk 0:00:17]} Kf7
{[%clk 0:00:15]} 49. Kf1 {[%clk 0:00:11]} Re1+ {[%clk 0:00:21]} 50. Kg2
{[%clk 0:00:19]} Re2+ 51. Kh3 {[%clk 0:00:26]} Rxb2 {[%clk 0:00:14]} 52. Qxh6
{[%clk 0:00:31]} Rb3 {[%clk 0:00:13]} 53. Qh7+ {[%clk 0:00:39]} Ke6
{[%clk 0:00:22]} 54. Qf5+ {[%clk 0:00:31]} Ke7 {[%clk 0:00:20]} 55. Qe4
{[%clk 0:00:18]} Kd6 {[%clk 0:00:24]} 56. g5 {[%clk 0:00:27]} f5 {[%clk 0:00:28]}
57. Qf4 {[%clk 0:00:16]} Ke6 {[%clk 0:00:18]} 58. h5 {[%clk 0:00:19]} Nc6
{[%clk 0:00:24]} 59. Bh8 {[%clk 0:00:12]} Ne5 {[%clk 0:00:32]} 60. g6
{[%clk 0:00:12]} Rxc3+ {[%clk 0:00:41]} 61. Kg2 {[%clk 0:00:16]} Rc2+
{[%clk 0:00:47]} 62. Kg3 {[%clk 0:00:17]} Rd3+ {[%clk 0:00:56]} 63. Kh4
{[%clk 0:00:26]} Nf3+ {[%clk 0:00:42]} 64. Kg3 {[%clk 0:00:32]} Ne1+
{[%clk 0:00:16]} 65. Kh4 {[%clk 0:00:35]} Ng2+ {[%clk 0:00:25]} 66. Kg5
{[%clk 0:00:44]} Nxf4 {[%clk 0:00:34]} 67. Kxf4 {[%clk 0:00:50]} Rc4+
{[%clk 0:00:39]} 68. Kg5 {[%clk 0:00:59]} Rg4+ {[%clk 0:00:48]} 69. Kh6
{[%clk 0:01:09]} Rh3 {[%clk 0:00:52]} 70. Bb2 {[%clk 0:00:34]} Rgh4
{[%clk 0:00:56]} 0-1

[Event "AsianNationCup2018-OpenRapid"]
[Site "?"]
[Date "2018.07.27"]
[Round "2.11"]
[White "Gholami, Aryan"]
[Black "Pourramezanali, Amirreza"]
[Result "1/2-1/2"]
[BlackElo "2430"]
[WhiteElo "2295"]
[LiveChessVersion "1.4.8"]

1. Nf3 {[%clk 0:15:18]} d5 {[%clk 0:15:19]} 2. c4 {[%clk 0:15:27]} c6
{[%clk 0:15:26]} 3. b3 {[%clk 0:15:37]} Bg4 {[%clk 0:15:26]} 4. e3
{[%clk 0:15:45]} e6 {[%clk 0:15:31]} 5. Bb2 {[%clk 0:15:54]} Nf6 {[%clk 0:15:29]}
6. h3 {[%clk 0:15:43]} Bh5 {[%clk 0:15:30]} 7. g4 {[%clk 0:14:56]} Bg6
{[%clk 0:15:38]} 8. Ne5 {[%clk 0:15:04]} Nbd7 {[%clk 0:15:43]} 9. Nxg6
{[%clk 0:15:00]} hxg6 {[%clk 0:15:51]} 10. Bg2 {[%clk 0:14:35]} Bd6
{[%clk 0:15:59]} 11. Nc3 {[%clk 0:14:28]} Qe7 {[%clk 0:16:06]} 12. d4
{[%clk 0:14:30]} g5 {[%clk 0:15:55]} 13. Qc2 {[%clk 0:14:17]} Ba3
{[%clk 0:12:43]} 14. Bxa3 {[%clk 0:13:04]} Qxa3 {[%clk 0:12:52]} 15. O-O
{[%clk 0:13:03]} Nf8 {[%clk 0:09:09]} 16. f4 {[%clk 0:12:36]} gxf4 17. exf4
{[%clk 0:12:44]} dxc4 {[%clk 0:07:19]} 18. bxc4 {[%clk 0:12:45]} O-O-O
{[%clk 0:07:27]} 19. g5 {[%clk 0:11:05]} Nh5 {[%clk 0:07:12]} 20. d5
{[%clk 0:10:56]} cxd5 {[%clk 0:06:02]} 21. cxd5 {[%clk 0:11:00]} Qc5+
{[%clk 0:06:11]} 22. Qf2 {[%clk 0:09:39]} Qxf2+ {[%clk 0:05:51]} 23. Rxf2
{[%clk 0:09:47]} exd5 {[%clk 0:04:04]} 24. Nxd5 {[%clk 0:09:43]} Ne6
{[%clk 0:04:09]} 25. f5 {[%clk 0:06:02]} Nxg5 {[%clk 0:03:45]} 26. h4 Nh3+
{[%clk 0:01:18]} 27. Bxh3 Rxd5 28. f6+ {[%clk 0:06:29]} Kd8 {[%clk 0:00:26]} 29.
fxg7 {[%clk 0:06:37]} Rg8 {[%clk 0:00:36]} 30. Rxf7 {[%clk 0:06:28]} Rxg7+
{[%clk 0:00:45]} 31. Rxg7 {[%clk 0:06:37]} Nxg7 {[%clk 0:00:55]} 32. Rc1
{[%clk 0:06:06]} Rd4 {[%clk 0:00:32]} 33. Rc8+ {[%clk 0:06:11]} Ke7
{[%clk 0:00:42]} 34. Rc7+ {[%clk 0:06:21]} Kf6 {[%clk 0:00:51]} 35. Rxb7
{[%clk 0:06:17]} Rxh4 {[%clk 0:01:00]} 36. Bd7 {[%clk 0:06:24]} a5
{[%clk 0:00:37]} 37. a4 {[%clk 0:06:30]} Rd4 {[%clk 0:00:35]} 38. Kf2
{[%clk 0:06:23]} Ne6 {[%clk 0:00:33]} 39. Ke3 {[%clk 0:06:28]} Rd6
{[%clk 0:00:37]} 40. Ra7 {[%clk 0:06:25]} Nc5 {[%clk 0:00:32]} 41. Bb5
{[%clk 0:06:31]} Nb3 {[%clk 0:00:20]} 42. Bc4 {[%clk 0:06:38]} Rb6
{[%clk 0:00:24]} 43. Bb5 {[%clk 0:06:22]} Ke5 {[%clk 0:00:29]} 44. Kd3
{[%clk 0:06:30]} Nc5+ {[%clk 0:00:32]} 45. Kc4 {[%clk 0:06:15]} Nb7
{[%clk 0:00:20]} 46. Ba6 {[%clk 0:06:13]} Nd8 {[%clk 0:00:13]} 47. Kc5
{[%clk 0:06:16]} Rc6+ {[%clk 0:00:16]} 48. Kb5 {[%clk 0:06:25]} Kd6
{[%clk 0:00:20]} 49. Kxa5 {[%clk 0:06:30]} Rc5+ {[%clk 0:00:29]} 50. Kb6
{[%clk 0:06:34]} Rc6+ {[%clk 0:00:39]} 51. Kb5 {[%clk 0:05:56]} Rc5+
{[%clk 0:00:48]} 1/2-1/2

[Event "AsianNationCup2018-OpenRapid"]
[Site "?"]
[Date "2018.07.27"]
[Round "2.12"]
[White "Lorparizangeneh, Shahin"]
[Black "Tahbaz, Arash"]
[Result "0-1"]
[BlackElo "2312"]
[WhiteElo "2288"]
[LiveChessVersion "1.4.8"]

1. Nf3 {[%clk 0:15:18]} Nf6 {[%clk 0:15:02]} 2. c4 {[%clk 0:15:22]} e6
{[%clk 0:13:29]} 3. g3 {[%clk 0:15:18]} d5 {[%clk 0:13:37]} 4. Bg2
{[%clk 0:15:27]} Be7 {[%clk 0:13:46]} 5. O-O {[%clk 0:15:34]} O-O
{[%clk 0:13:55]} 6. b3 {[%clk 0:15:43]} b6 {[%clk 0:13:27]} 7. Bb2
{[%clk 0:15:17]} Bb7 {[%clk 0:13:36]} 8. e3 {[%clk 0:14:25]} c5 {[%clk 0:13:32]}
9. Nc3 {[%clk 0:14:29]} Nbd7 {[%clk 0:12:30]} 10. Qe2 {[%clk 0:13:47]} Rc8
{[%clk 0:12:38]} 11. Rfd1 {[%clk 0:13:30]} Qc7 {[%clk 0:12:47]} 12. cxd5
{[%clk 0:13:04]} Nxd5 {[%clk 0:12:52]} 13. Nxd5 {[%clk 0:13:12]} Bxd5
{[%clk 0:13:01]} 14. e4 {[%clk 0:13:10]} Bb7 {[%clk 0:12:57]} 15. d4
{[%clk 0:13:05]} Nf6 {[%clk 0:11:34]} 16. e5 {[%clk 0:11:33]} Nd5
{[%clk 0:11:34]} 17. Rac1 {[%clk 0:11:41]} Qb8 {[%clk 0:11:33]} 18. dxc5
{[%clk 0:11:44]} Bxc5 {[%clk 0:11:20]} 19. Ng5 {[%clk 0:09:51]} Be7
{[%clk 0:09:49]} 20. Ne4 {[%clk 0:08:26]} Rxc1 {[%clk 0:09:42]} 21. Rxc1
{[%clk 0:08:33]} Rc8 {[%clk 0:09:50]} 22. Rxc8+ {[%clk 0:05:07]} Bxc8
{[%clk 0:09:02]} 23. Qg4 {[%clk 0:04:21]} g6 {[%clk 0:06:19]} 24. Nf6+
{[%clk 0:03:04]} Nxf6 {[%clk 0:06:13]} 25. exf6 {[%clk 0:03:13]} Bc5
{[%clk 0:06:00]} 26. Qg5 {[%clk 0:01:53]} Qd6 {[%clk 0:06:07]} 27. Qc1
{[%clk 0:01:19]} a5 {[%clk 0:05:32]} 28. Bf3 {[%clk 0:01:01]} Qd3
{[%clk 0:01:45]} 29. Qd1 {[%clk 0:00:29]} Ba6 {[%clk 0:01:39]} 30. Kg2
{[%clk 0:00:21]} Kf8 {[%clk 0:01:27]} 31. Qc1 {[%clk 0:00:22]} Ke8
{[%clk 0:01:01]} 32. h4 {[%clk 0:00:30]} h5 {[%clk 0:01:10]} 33. Be5 Kd7
{[%clk 0:00:54]} 34. Qd1 {[%clk 0:00:24]} Bd6 {[%clk 0:00:24]} 35. Bd4
{[%clk 0:00:26]} Bc5 {[%clk 0:00:15]} 36. Bxc5 {[%clk 0:00:33]} bxc5
{[%clk 0:00:15]} 37. Qe1 {[%clk 0:00:31]} Kd6 {[%clk 0:00:21]} 38. Be4
{[%clk 0:00:33]} Qe2 {[%clk 0:00:13]} 39. Qxe2 {[%clk 0:00:24]} Bxe2
{[%clk 0:00:22]} 40. f4 {[%clk 0:00:33]} c4 {[%clk 0:00:31]} 41. bxc4
{[%clk 0:00:27]} Bxc4 {[%clk 0:00:41]} 42. a3 {[%clk 0:00:37]} Bd5
{[%clk 0:00:13]} 43. Kf3 {[%clk 0:00:46]} e5 {[%clk 0:00:15]} 44. fxe5+
{[%clk 0:00:20]} Kxe5 {[%clk 0:00:24]} 45. Bxd5 {[%clk 0:00:29]} Kxd5
{[%clk 0:00:33]} 46. Kf4 {[%clk 0:00:20]} Kd4 {[%clk 0:00:32]} 47. g4
{[%clk 0:00:15]} hxg4 {[%clk 0:00:40]} 48. Kxg4 {[%clk 0:00:23]} Ke5
{[%clk 0:00:35]} 49. Kg5 {[%clk 0:00:16]} a4 {[%clk 0:00:36]} 50. Kg4
{[%clk 0:00:14]} Kxf6 {[%clk 0:00:41]} 51. Kf4 {[%clk 0:00:23]} Ke6
{[%clk 0:00:44]} 52. Ke4 {[%clk 0:00:33]} f5+ {[%clk 0:00:39]} 53. Kd4
{[%clk 0:00:36]} Kd6 {[%clk 0:00:42]} 54. Ke3 {[%clk 0:00:37]} Kd5
{[%clk 0:00:44]} 55. Kf4 {[%clk 0:00:45]} Ke6 {[%clk 0:00:21]} 56. Kg5
{[%clk 0:00:53]} Kf7 {[%clk 0:00:31]} 57. Kf4 {[%clk 0:00:49]} Kf6
{[%clk 0:00:39]} 58. Kf3 {[%clk 0:00:57]} Ke5 {[%clk 0:00:48]} 59. Kg3
{[%clk 0:01:04]} Ke4 {[%clk 0:00:57]} 0-1

[Event "AsianNationCup2018-OpenRapid"]
[Site "?"]
[Date "2018.07.27"]
[Round "2.13"]
[White "Lu, Shanglei"]
[Black "Noah, A .H. Al-Ali"]
[Result "1-0"]
[BlackElo "2361"]
[WhiteElo "2663"]
[LiveChessVersion "1.4.8"]

1. e4 {[%clk 0:15:17]} e6 {[%clk 0:15:16]} 2. d4 {[%clk 0:15:23]} d5
{[%clk 0:15:25]} 3. Nd2 {[%clk 0:15:31]} dxe4 {[%clk 0:15:04]} 4. Nxe4
{[%clk 0:15:39]} Nd7 {[%clk 0:15:14]} 5. Nf3 {[%clk 0:15:44]} Be7
{[%clk 0:14:58]} 6. Bd3 {[%clk 0:15:06]} Ngf6 {[%clk 0:14:08]} 7. Nxf6+
{[%clk 0:15:03]} Bxf6 {[%clk 0:14:16]} 8. c3 {[%clk 0:14:09]} c5 {[%clk 0:14:14]}
9. Be3 {[%clk 0:14:01]} cxd4 {[%clk 0:14:13]} 10. Nxd4 {[%clk 0:14:07]} a6
{[%clk 0:13:45]} 11. Qh5 {[%clk 0:12:04]} Ne5 {[%clk 0:10:35]} 12. Be2
{[%clk 0:12:04]} Qc7 {[%clk 0:10:44]} 13. O-O {[%clk 0:10:20]} g6
{[%clk 0:09:18]} 14. Qh6 {[%clk 0:10:20]} Nc4 {[%clk 0:08:46]} 15. Bf4
{[%clk 0:10:14]} Qc5 {[%clk 0:06:22]} 16. b4 {[%clk 0:09:35]} Qd5
{[%clk 0:06:31]} 17. Rad1 {[%clk 0:09:43]} Nb6 {[%clk 0:04:37]} 18. Rfe1
{[%clk 0:08:52]} Bd7 {[%clk 0:04:33]} 19. Bf3 {[%clk 0:08:37]} Qxa2
{[%clk 0:04:41]} 20. Nf5 {[%clk 0:08:37]} Nc4 {[%clk 0:03:22]} 21. Bxb7
{[%clk 0:08:38]} Bxc3 {[%clk 0:03:04]} 22. Bxa8 {[%clk 0:07:16]} gxf5
{[%clk 0:03:13]} 23. Bc6 {[%clk 0:06:33]} Nb6 {[%clk 0:01:22]} 24. Rxd7
{[%clk 0:06:10]} Nxd7 {[%clk 0:01:30]} 25. Rd1 {[%clk 0:06:18]} Bd4
{[%clk 0:01:00]} 26. Bxd7+ {[%clk 0:05:31]} Ke7 {[%clk 0:00:57]} 27. Qh4+
{[%clk 0:05:21]} Bf6 {[%clk 0:00:55]} 28. Bd6+ {[%clk 0:05:25]} Kxd7
{[%clk 0:01:02]} 29. Qxf6 {[%clk 0:05:30]} 1-0

[Event "AsianNationCup2018-OpenRapid"]
[Site "?"]
[Date "2018.07.27"]
[Round "2.14"]
[White "Al-Ali, Hussein Ali Hussein"]
[Black "Wen, Yang"]
[Result "0-1"]
[BlackElo "2571"]
[WhiteElo "2270"]
[LiveChessVersion "1.4.8"]

1. e4 {[%clk 0:15:17]} e5 {[%clk 0:15:14]} 2. Nf3 {[%clk 0:15:25]} Nc6
{[%clk 0:15:21]} 3. Nc3 {[%clk 0:15:33]} Nf6 {[%clk 0:15:28]} 4. g3
{[%clk 0:15:42]} Bb4 {[%clk 0:15:19]} 5. d3 {[%clk 0:15:50]} O-O 6. Bd2 d6 7. Bg2
Ne7 {[%clk 0:14:31]} 8. a3 {[%clk 0:16:15]} Ba5 9. b4 Bb6 10. Na4 Ng6
{[%clk 0:14:51]} 11. c4 {[%clk 0:16:29]} Bd7 {[%clk 0:14:55]} 12. Nxb6
{[%clk 0:16:37]} axb6 {[%clk 0:15:04]} 13. O-O {[%clk 0:16:43]} b5
{[%clk 0:15:08]} 14. Qc2 {[%clk 0:16:45]} bxc4 {[%clk 0:14:30]} 15. dxc4
{[%clk 0:16:53]} Ba4 {[%clk 0:14:08]} 16. Qd3 {[%clk 0:16:52]} c6
{[%clk 0:14:14]} 17. Bc3 {[%clk 0:15:41]} Re8 {[%clk 0:14:20]} 18. Rfe1
{[%clk 0:15:15]} d5 {[%clk 0:14:13]} 19. Nd2 {[%clk 0:14:39]} d4 {[%clk 0:14:10]}
20. Bb2 {[%clk 0:14:48]} c5 {[%clk 0:12:47]} 21. b5 {[%clk 0:14:42]} Nd7
{[%clk 0:12:55]} 22. Rac1 {[%clk 0:14:37]} Nb6 {[%clk 0:13:01]} 23. h4
{[%clk 0:14:29]} h6 {[%clk 0:12:40]} 24. Nf3 {[%clk 0:14:37]} Qf6
{[%clk 0:12:25]} 25. Nh2 {[%clk 0:14:35]} Rac8 {[%clk 0:12:27]} 26. Bh3
{[%clk 0:14:41]} Rc7 {[%clk 0:12:35]} 27. Ng4 {[%clk 0:14:14]} Qe7
{[%clk 0:11:37]} 28. f3 {[%clk 0:14:00]} Rd8 {[%clk 0:11:21]} 29. Nf2
{[%clk 0:14:06]} Nf8 {[%clk 0:11:22]} 30. Qd2 {[%clk 0:13:38]} Nfd7
{[%clk 0:11:10]} 31. Bf1 {[%clk 0:13:46]} Nf6 {[%clk 0:11:10]} 32. Kh2
{[%clk 0:13:44]} Ne8 {[%clk 0:11:13]} 33. Qa5 {[%clk 0:13:23]} Qd6
{[%clk 0:10:40]} 34. Qd2 {[%clk 0:13:14]} Ra8 35. Bd3 Qe7 36. Rg1 Nd6
{[%clk 0:09:16]} 37. Nh3 {[%clk 0:13:27]} Bb3 38. Qe2 Ra4 39. f4 Bxc4
{[%clk 0:09:17]} 40. Bxc4 {[%clk 0:13:29]} Nbxc4 {[%clk 0:09:25]} 41. Qc2
{[%clk 0:13:15]} Ra8 {[%clk 0:09:29]} 42. fxe5 Nxe5 43. Rcf1 {[%clk 0:12:43]}
Ng4+ {[%clk 0:09:43]} 44. Kh1 Ne3 0-1

[Event "AsianNationCup2018-OpenRapid"]
[Site "?"]
[Date "2018.07.27"]
[Round "2.15"]
[White "Zhou, Jianchao"]
[Black "Abdulwahhab, Ahmed Abdulsattar A"]
[Result "1-0"]
[BlackElo "2219"]
[WhiteElo "2584"]
[LiveChessVersion "1.4.8"]

1. d4 {[%clk 0:15:19]} Nf6 {[%clk 0:15:17]} 2. c4 {[%clk 0:15:27]} g6
{[%clk 0:15:25]} 3. Nc3 {[%clk 0:15:35]} Bg7 {[%clk 0:15:33]} 4. e4
{[%clk 0:15:43]} d6 {[%clk 0:15:41]} 5. h3 {[%clk 0:15:51]} O-O {[%clk 0:15:45]}
6. Be3 {[%clk 0:15:59]} e5 {[%clk 0:15:43]} 7. d5 {[%clk 0:16:03]} a5
{[%clk 0:15:31]} 8. g4 {[%clk 0:16:07]} Na6 {[%clk 0:15:38]} 9. Nge2
{[%clk 0:16:11]} Nd7 {[%clk 0:15:32]} 10. Qd2 {[%clk 0:15:01]} Ndc5
{[%clk 0:15:19]} 11. Ng3 {[%clk 0:14:58]} c6 {[%clk 0:15:02]} 12. Be2
{[%clk 0:14:29]} cxd5 {[%clk 0:15:08]} 13. cxd5 {[%clk 0:14:25]} Bd7
{[%clk 0:14:52]} 14. h4 {[%clk 0:13:34]} a4 {[%clk 0:14:42]} 15. h5
{[%clk 0:13:13]} a3 {[%clk 0:13:27]} 16. bxa3 {[%clk 0:08:46]} f6
{[%clk 0:12:17]} 17. hxg6 {[%clk 0:08:47]} hxg6 {[%clk 0:12:25]} 18. Rb1
{[%clk 0:07:30]} Kf7 {[%clk 0:12:21]} 19. Nb5 {[%clk 0:06:37]} Qe7
{[%clk 0:12:19]} 20. Kf1 {[%clk 0:06:17]} Rh8 {[%clk 0:12:25]} 21. Kg2
{[%clk 0:06:21]} Rxh1 {[%clk 0:12:00]} 22. Rxh1 {[%clk 0:05:56]} Rh8
{[%clk 0:11:30]} 23. Rxh8 Bxh8 {[%clk 0:11:38]} 24. Qa5 {[%clk 0:04:46]} Bg7
{[%clk 0:11:45]} 25. Qb6 {[%clk 0:04:45]} Bf8 {[%clk 0:11:51]} 26. Nc3
{[%clk 0:04:07]} Qe8 {[%clk 0:11:21]} 27. Bxa6 {[%clk 0:03:00]} bxa6
{[%clk 0:11:27]} 28. Bxc5 {[%clk 0:02:54]} dxc5 {[%clk 0:11:33]} 29. f3
{[%clk 0:02:53]} Qc8 {[%clk 0:11:25]} 30. Nf1 {[%clk 0:01:14]} Be7
{[%clk 0:11:27]} 31. Ne3 {[%clk 0:01:16]} Bd8 {[%clk 0:11:29]} 32. Qa7
{[%clk 0:01:07]} Bc7 {[%clk 0:11:09]} 33. Nc4 {[%clk 0:01:12]} Bb8
{[%clk 0:11:06]} 34. Qb6 {[%clk 0:01:11]} f5 {[%clk 0:09:58]} 35. g5
{[%clk 0:01:06]} Qh8 {[%clk 0:09:36]} 36. Qb7 {[%clk 0:01:09]} Qc8
{[%clk 0:09:32]} 37. Qxc8 {[%clk 0:00:52]} Bxc8 {[%clk 0:09:41]} 38. Na4
{[%clk 0:00:51]} fxe4 {[%clk 0:09:33]} 39. fxe4 {[%clk 0:00:59]} Bd7
{[%clk 0:08:57]} 40. Nab6 {[%clk 0:00:39]} Bb5 {[%clk 0:08:45]} 41. a4
{[%clk 0:00:44]} Be8 {[%clk 0:08:49]} 42. Kf3 {[%clk 0:00:42]} Ke7
{[%clk 0:08:55]} 43. Ke3 {[%clk 0:00:27]} Kd8 {[%clk 0:09:04]} 44. d6
{[%clk 0:00:30]} a5 {[%clk 0:07:48]} 45. Nxa5 {[%clk 0:00:22]} Bxd6
{[%clk 0:07:53]} 46. Nb7+ {[%clk 0:00:27]} Kc7 {[%clk 0:07:58]} 47. Nxd6
{[%clk 0:00:34]} Kxd6 {[%clk 0:08:06]} 48. Nc4+ {[%clk 0:00:24]} Ke6
{[%clk 0:08:12]} 49. a5 {[%clk 0:00:28]} Bb5 {[%clk 0:08:20]} 50. Kd3
{[%clk 0:00:22]} Ba6 {[%clk 0:08:20]} 51. a4 {[%clk 0:00:22]} Bb7
{[%clk 0:08:22]} 52. Nd2 {[%clk 0:00:29]} Ba6+ {[%clk 0:08:31]} 53. Kc3
{[%clk 0:00:36]} Kd6 {[%clk 0:08:39]} 54. Nc4+ {[%clk 0:00:33]} Ke6
{[%clk 0:08:47]} 55. Nb2 {[%clk 0:00:23]} Bb7 {[%clk 0:08:54]} 56. Nd3
{[%clk 0:00:22]} Kd6 {[%clk 0:09:00]} 57. Nf2 {[%clk 0:00:29]} Ba6
{[%clk 0:08:42]} 58. Nd1 {[%clk 0:00:18]} Bb7 {[%clk 0:08:50]} 59. Kd3
{[%clk 0:00:27]} Ba6+ {[%clk 0:08:59]} 60. Ke3 {[%clk 0:00:35]} c4
{[%clk 0:09:03]} 61. Nc3 {[%clk 0:00:23]} Kc5 {[%clk 0:09:07]} 62. Nd5
{[%clk 0:00:30]} Bb7 {[%clk 0:09:12]} 63. Nc7 {[%clk 0:00:30]} Bc6
{[%clk 0:09:01]} 64. a6 {[%clk 0:00:19]} Kb6 {[%clk 0:09:09]} 65. Nd5+
{[%clk 0:00:26]} Kxa6 {[%clk 0:09:17]} 66. Nb4+ {[%clk 0:00:33]} Kb6
{[%clk 0:09:19]} 67. Nxc6 {[%clk 0:00:40]} Kxc6 {[%clk 0:09:28]} 68. Kd4 1-0